000 00682nam a2200217Ia 4500
001 16588
003 GE_BSU
008 181216s||||||||xx |||||||||||||| ||und||
040 _cGE_BSU
080 _a821.353.1-32
100 _aკვიცარიძე, დ.
245 _aრჩეული
245 _bმოთხრობები, ლექსები, პიესა, რომანი
260 _aთბილისი
260 _bმერანი
260 _c1974
300 _a498გვ. ; 23სმ
653 _aმოთხრობები, ლექსები, პიესა, რომანი
653 _aრჩეული
942 _cBK
999 _c49656
_d49656